000 00538nam a2200193Ia 4500
005 20250423095438.0
008 250422s9999 xx 000 0 und d
020 _a9781292023564
050 _aQA 371 .N243/
100 _aNagle, R. Kent
245 0 _aFundamentals of differential equations and boundary value problems
250 _a6th ed.
260 _aUnited States
260 _bPearson
260 _c2014
300 _a868 p
650 _aDifferential equations--Textbooks. Boundary value problems--Textbooks.
942 _cBK
999 _c30296
_d30296